000 01346nam a22002177a 4500
999 _c61393
_d61393
003 Ge_BSU
005 20240305162717.0
008 240305s2023 ge ||||| |||| 00| 0 geo d
020 _a9789941858611
041 _ageo
080 _a624.21(479.223) მ-25
100 _aმამულაძე, შოთა
_91483
245 _aქვის თაღოვანი ხიდები აჭარაში = Stone Arch Bridge in Ajara :
_cშოთა მამულაძე; რედ. ლაშა ასლანიშვილი; აჭარის კულტურულ მემკვიდრეობის დაცვის სააგენტო. სამეცნიერო კვლევით ცენტრი.
264 _aბათუმი :
_bპრინტჯეო,
_c2023.
300 _a58 გვ.:
_bილ.;
_c25 სმ.
504 _aბიბლიოგრ. გვ.56-57
653 _aქვის თაღოვანი ხიდები
700 _aასლანიშვილი, ლაშა
_eრედაქტორი
_921327
710 _aაჭარის კულტურულ მემკვიდრეობის დაცვის სააგენტო.
_bსამეცნიერო კვლევით ცენტრი.
_921328
942 _2udc
_cᲬᲘᲒᲜᲘ